Crazy Middles Family Quiz - Statistics

General Stats
  • This quiz has been taken 943 times
    941 since last reset
  • The average score is 17 of 26
Answer Stats
Hint Answer % Correct
Mother Shelly
94%
Father Jared
91%
Oldest daughter Kylie
79%
Daughter Lacey
77%
Daughter Addison
75%
Daughter Aubrey
75%
Youngest son Trey
74%
Son Landon
72%
Daughter Cynthia
71%
Son Mason
71%
Son Cody
70%
Son Spencer
70%
Daughter Brinley
69%
Daughter Destiny
69%
Son Braxton
67%
Son Jacob
66%
Son Harlan
65%
Son Kason
65%
Daughter Elizabeth
64%
Son Weston
61%
Youngest daughter Anaveah
58%
Son Jonathan
56%
Son in law Mark
54%
Son in law Dylan
46%
Daughter Nicole
46%
Granddaughter Blake
38%
No matching quizzes found
Score Distribution
Percent of People with Each Score
Percentile by Number Answered
Your Score History
You have not taken this quiz since the last reset